| 000 | 01627nam0a22003851 4500 | ||
|---|---|---|---|
| 001 | rc\2941615 | ||
| 005 | 20250810053804.0 | ||
| 035 | _a(NLR Aleph) 007090374 | ||
| 090 |
_a6567768 _c6567768 |
||
| 100 | _a20110825d1943 u y0rusy50 ca | ||
| 101 | 0 | _arus | |
| 102 | _aRU | ||
| 105 | _aa z ||||| | ||
| 135 | _acrbn 008apadp | ||
| 200 | 1 |
_aКак бороться с вредными насекомыми овощных культур _fИ.Г. Михайлов, глав. агроном Горземотд. |
|
| 210 |
_a[Ленинград] _cЛениздат _d1943 |
||
| 215 |
_a5, [3] с. _cил. _d23 см |
||
| 225 | 1 | _aВ помощь огороднику | |
| 300 | _aБез тит. л. и обл. | ||
| 325 | _aКопия доступна в Электрон. б-ке РНБ | ||
| 700 | 1 |
_aМихайлов _bИ. Г. _cагроном _f1903- _gИван Гаврилович _9160033 _3RU\NLR\AUTH\770160074 |
|
| 801 | 0 |
_aRU _bNLR _gpsbo |
|
| 801 | 1 |
_aRU _bELAR _2rusmarc |
|
| 801 | 2 |
_aRU _bNLR _c20160720 _2rusmarc |
|
| 852 |
_aNLR _bС _j70 Г-6/25 |
||
| 856 | 0 | _uhttp://vivaldi.nlr.ru/ab000002283/view | |
| 856 | 1 | _uhttp://vivaldi.nlr.ru/ab000002283/cover | |
| 856 | 2 | _uhttp://vivaldi.nlr.ru/ab000002283/text | |
| 901 | _eКнижные издания | ||
| 942 | _cBOOK | ||
| 945 | _aРоссийская национальная библиотека | ||
| 980 | _aNB | ||
| 980 | _aBV | ||
| 981 | 3 | 7 |
_a(37) Ленинград в Великой Отечественной войне _b(37) Книги блокадного Ленинграда |
| 981 | 3 | 4 | _a(34) Санкт-Петербург |